| 000 | 00578nam a2200181 i 4500 | ||
|---|---|---|---|
| 001 | 23566 | ||
| 003 | ES-MaACL | ||
| 005 | 20240417111736.0 | ||
| 007 | t| | ||
| 008 | 021211s1968 sp ||||1| spa d | ||
| 100 | 0 |
_aAllué y Morer, Fernando. _920062 |
|
| 245 | 1 | 3 |
_aEl sepulcro de Garcilaso / _cFernando Allue y Morer ; edición Angel Caffarena. |
| 260 |
_aMálaga : _bLibrería Anticuaria El Guadalorce, _c1968. |
||
| 300 |
_a83 p., 2 lám. ; _c22 cm. |
||
| 700 | 1 |
_aCaffarena, Ángel, _d1914-1998 _933414 |
|
| 852 |
_aES-MaACL _jC-34642 _bR.67476 |
||
| 999 |
_c23566 _d23566 |
||